Professional ethics and the rules of conduct of the Royal Institution of Chartered Surveyors (Record no. 85353)
[ view plain ]
| 000 -LEADER | |
|---|---|
| fixed length control field | 01765cgm a2200337 4500 |
| 001 - CONTROL NUMBER | |
| control field | |
| 008 - FIXED-LENGTH DATA ELEMENTS--GENERAL INFORMATION | |
| fixed length control field | 090401t1997 xxu||||| |||| 00| 0 eng d |
| 020 ## - INTERNATIONAL STANDARD BOOK NUMBER | |
| International Standard Book Number | 1899769862 |
| 035 ## - SYSTEM CONTROL NUMBER | |
| System control number | (Sirsi) u79739 |
| 041 ## - LANGUAGE CODE | |
| Language code of text/sound track or separate title | eng |
| 041 ## - LANGUAGE CODE | |
| Language code of text/sound track or separate title | eng |
| 050 ## - LIBRARY OF CONGRESS CALL NUMBER | |
| Classification number | 333.0062 |
| -- | 18 |
| 100 ## - MAIN ENTRY--PERSONAL NAME | |
| Personal name | Land, Howard |
| 245 ## - TITLE STATEMENT | |
| Title | Professional ethics and the rules of conduct of the Royal Institution of Chartered Surveyors |
| Remainder of title | a CPD study pack |
| 260 ## - PUBLICATION, DISTRIBUTION, ETC. | |
| Place of publication, distribution, etc. | Reading |
| Name of publisher, distributor, etc. | College of Estate Management |
| Date of publication, distribution, etc. | 1997 |
| 300 ## - PHYSICAL DESCRIPTION | |
| Extent | v, 37p. |
| Other physical details | ill. |
| Dimensions | 30cm + 1 audio cassette (ca. 60 min.) |
| 350 ## - PRICE (NR) (BK AM CF MU VM SE) [OBSOLETE] | |
| Price | 42.89 |
| 490 ## - SERIES STATEMENT | |
| Series statement | College of Estate Management CPD Study Pack |
| 520 ## - SUMMARY, ETC. | |
| Summary, etc. | CPD study pack produced by the College of Estate Management with financial support from the RICS and the Harold Samuel Education Trust. Examines some of the aspects of practice where the surveyor may be tempted to gain a personal advantage over the client or behave in an improper manner. |
| 520 ## - SUMMARY, ETC. | |
| Summary, etc. | Accompanied by Owlion Audio Programme "Professional ethics and the chartered surveyor" (J83975), which is also available to borrow separately. |
| 520 ## - SUMMARY, ETC. | |
| Summary, etc. | This CPD study pack has been withdrawn as it refers to the 1997 edition of "Rules of conduct : Conduct Regulations 2003 under Bye-Laws 10(1), 19, 20 and 22B" (J120976) which have been superseded. A suitable alternative is "Professional conduct for chartered surveyors: a practical guide" (ISBN 1842191292). |
| 650 ## - SUBJECT ADDED ENTRY--TOPICAL TERM | |
| Topical term or geographic name entry element | ETHICS |
| 650 ## - SUBJECT ADDED ENTRY--TOPICAL TERM | |
| Topical term or geographic name entry element | PROFESSIONAL CONDUCT |
| 650 ## - SUBJECT ADDED ENTRY--TOPICAL TERM | |
| Topical term or geographic name entry element | PROFESSIONAL ETHICS |
| 650 ## - SUBJECT ADDED ENTRY--TOPICAL TERM | |
| Topical term or geographic name entry element | RICS RULES OF CONDUCT |
| 690 ## - LOCAL SUBJECT ADDED ENTRY--TOPICAL TERM (OCLC, RLIN) | |
| Topical term or geographic name as entry element | MANAGEMENT-BUSINESS MANAGEMENT-PROFESSIONAL PRACTICE |
| 710 ## - ADDED ENTRY--CORPORATE NAME | |
| Corporate name or jurisdiction name as entry element | College of Estate Management |
| 9 (RLIN) | 400 |
| 710 ## - ADDED ENTRY--CORPORATE NAME | |
| Corporate name or jurisdiction name as entry element | Royal Institution of Chartered Surveyors |
| 9 (RLIN) | 4900 |
| 942 ## - ADDED ENTRY ELEMENTS (KOHA) | |
| Suppress in OPAC | 0 |
| 948 ## - LOCAL PROCESSING INFORMATION (OCLC); SERIES PART DESIGNATOR (RLIN) | |
| c (OCLC) | 21/07/1997 |
| Withdrawn status | Lost status | Source of classification or shelving scheme | Damaged status | Not for loan | Home library | Current library | Shelving location | Date acquired | Cost, normal purchase price | Total Checkouts | Full call number | Barcode | Date last seen | Date last checked out | Copy number | Cost, replacement price | Price effective from | Koha item type |
|---|---|---|---|---|---|---|---|---|---|---|---|---|---|---|---|---|---|---|
| Dewey Decimal Classification | London | London | Basement | 14/09/1999 | 42.89 | 72 | SHELF 330 | 30056781 | 06/08/2019 | 31/10/2007 | 1 | 42.89 | 06/08/2019 | Audio |